| 000 | 00430nam a2200193Ia 4500 | ||
|---|---|---|---|
| 008 | 170918s9999 xx 000 0 und d | ||
| 020 | _a9780439177061 | ||
| 050 | _bD131 1990 | ||
| 100 | _aDahl, Roald | ||
| 245 | _aEsio Trot / | ||
| 245 | _cby Roald Dahl. | ||
| 260 | _aNew York : | ||
| 260 | _bScholastic, | ||
| 260 | _c1990 | ||
| 300 | _a62 pages : | ||
| 300 | _billustrations ; | ||
| 300 | _c19cm. | ||
| 500 | _a740 | ||
| 999 |
_c344182 _d344182 |
||